[Event "AUT-ch U10"]
[Site "St Kanzian"]
[Date "2017.06.17"]
[Round "5.10"]
[White "Fischer, Aziz"]
[Black "Unterrieder, Romano"]
[Result "1-0"]
[WhiteElo "883"]
[BlackElo "1030"]
[PlyCount "33"]
[EventDate "2017.06.16"]
[EventType "swiss"]
[EventRounds "7"]
[EventCountry "AUT"]
[SourceTitle "EXT 2024"]
[Source "ChessBase"]
[SourceDate "2023.10.10"]
[SourceVersion "1"]
[SourceVersionDate "2023.10.10"]
[SourceQuality "1"]

1. d4 d5 2. c4 Nf6 3. Nf3 Bg4 4. h3 Bxf3 5. exf3 Nc6 6. Nc3 e6 7. Be2 Bb4 8. Bd2 Nxd4 9. a3 Bxc3 10. Bxc3 Nxe2 11. Qxe2 c6 12. 0-0 Qe7 13. cxd5 cxd5 14. Qb5+ Nd7 15. Qxb7 0-0 16. Bb4 Nc5 17. Qxe7 1-0

[Event "AUT-ch U10"]
[Site "St Kanzian"]
[Date "2017.06.17"]
[Round "6.8"]
[White "Wohlgenannt, Nicolas"]
[Black "Fischer, Aziz"]
[Result "1/2-1/2"]
[WhiteElo "1231"]
[BlackElo "883"]
[PlyCount "63"]
[EventDate "2017.06.16"]
[EventType "swiss"]
[EventRounds "7"]
[EventCountry "AUT"]
[SourceTitle "EXT 2024"]
[Source "ChessBase"]
[SourceDate "2023.10.10"]
[SourceVersion "1"]
[SourceVersionDate "2023.10.10"]
[SourceQuality "1"]

1. e4 c5 2. Nf3 Nc6 3. d4 cxd4 4. Nxd4 Nf6 5. Nc3 g6 6. Be3 Bg7 7. Bc4 0-0 8. 0-0 e6 9. Bb3 Ng4 10. Bf4 e5 11. Qxg4 exf4 12. Nf3 Bh6 13. Qh4 Qxh4 14. Nxh4 Ne5 15. h3 d6 16. Rfd1 Bg5 17. Nf3 Nxf3+ 18. gxf3 Bxh3 19. Rxd6 Rad8 20. Rd5 Rxd5 21. exd5 Re8 22. Ne4 Re5 23. Nxg5 Rxg5+ 24. Kh2 Rh5 25. Rd1 Bf1+ 26. Kg1 Bh3 27. d6 Rg5+ 28. Kh2 Bd7 29. Re1 Rh5+ 30. Kg1 Rg5+ 31. Kh2 Rh5+ 32. Kg1 1/2-1/2

[Event "AUT-ch U10"]
[Site "St Kanzian"]
[Date "2017.06.16"]
[Round "3.12"]
[White "Fischer, Aziz"]
[Black "Narankhuu, Gan Erdene"]
[Result "0-1"]
[WhiteElo "883"]
[BlackElo "1044"]
[PlyCount "96"]
[EventDate "2017.06.16"]
[EventType "swiss"]
[EventRounds "7"]
[EventCountry "AUT"]
[SourceTitle "EXT 2024"]
[Source "ChessBase"]
[SourceDate "2023.10.10"]
[SourceVersion "1"]
[SourceVersionDate "2023.10.10"]
[SourceQuality "1"]

1. d4 d5 2. c4 Nf6 3. Nf3 Bf5 4. Bg5 h6 5. Bh4 g5 6. Bg3 Nc6 7. e3 Qd7 8. Ne5 Nxe5 9. Bxe5 Qc6 10. Nd2 Bg7 11. Be2 Rg8 12. 0-0 Ne4 13. cxd5 Qxd5 14. Nxe4 Bxe4 15. Bxg7 Rxg7 16. f3 Bg6 17. e4 Qd7 18. Qb3 Qxd4+ 19. Rf2 0-0-0 20. Rd1 Qe5 21. Rff1 Qc5+ 22. Kh1 Rgg8 23. Rc1 Qe5 24. Qc2 Rd7 25. Rfd1 Rgd8 26. b4 Rxd1+ 27. Rxd1 Rxd1+ 28. Qxd1 Qb2 29. Qb3 Qxe2 30. h3 h5 31. Qd5 h4 32. Qxg5 Qe1+ 33. Kh2 Qg3+ 34. Qxg3 hxg3+ 35. Kxg3 b6 36. Kg4 c5 37. bxc5 bxc5 38. h4 c4 39. Kf4 Kc7 40. Ke3 Kc6 41. a4 Kc5 42. Kd2 Kd4 43. Kc2 a5 44. g3 Ke3 45. Kc3 Kxf3 46. Kxc4 Kxg3 47. Kb5 Kxh4 48. Kxa5 Bxe4 0-1